Państwa, które mają trzy pełne słowa - Statystyki

Ogólne statystyki
  • Ten quiz został rozwiązany 320 razy
    289 od ostatniego zresetowania
  • Średni wynik to 4 z 6
Statystyki odpowiedzi
. Państwo % Poprawnych
4. Republika południowej Afryki
81%
1. Zjednoczone Emiraty Arabskie
72%
2. Demokratyczna Republika Konga
68%
3. Republika Zielonego Przylądka
66%
6. Wybrzeże Kości Słoniowej
50%
5. Antigua I Barbuda
26%
Nie znaleziono quizów pasujących do podanych kryteriów
Rozkład punktacji
Procent ludzi z każdym wynikiem
Percentyl według liczby udzielonych odpowiedzi
Twoja historia wyników
Nie rozwiązałeś tego quizu od ostatniego zresetowania